[Event "SC Bonn Beuel 1 - SF Stadtverwaltung Bo"]
[Site "NRW-Klasse - Gruppe 4 2021/20"]
[Date "2021.12.05"]
[Round "2.1"]
[White "Horstmann, Olaf"]
[Black "Haag, Martin"]
[Result "1/2-1/2"]
[WhiteElo "2125"]
[BlackElo "2214"]
[PlyCount "50"]
[EventDate "2021.??.??"]
[SourceVersionDate "2020.03.16"]
[WhiteTeam "SF Stadtverwaltung Bonn 1"]
[BlackTeam "SC Bonn Beuel 1"]

1. e4 c5 2. d3 Nc6 3. g3 g6 4. Bg2 Bg7 5. f4 d6 6. Nf3 e5 7. Nc3 Nge7 8. O-O
O-O 9. Be3 Nd4 10. Qd2 Bg4 11. Rf2 Qd7 12. Raf1 exf4 13. Bxf4 Nxf3+ 14. Bxf3
Bxf3 15. Rxf3 f5 16. Bh6 d5 17. Bxg7 Kxg7 18. exf5 Rxf5 19. Rxf5 Nxf5 20. g4
Nd4 21. Qg5 Rd8 22. Rf2 Qd6 23. Ne2 h6 24. Qd2 Ne6 25. Nf4 Nxf4 1/2-1/2

[Event "SC Bonn Beuel 1 - SF Stadtverwaltung Bo"]
[Site "NRW-Klasse - Gruppe 4 2021/20"]
[Date "2021.12.05"]
[Round "2.2"]
[White "Hoppe, Thilo"]
[Black "Limp, Roland"]
[Result "1-0"]
[WhiteElo "2136"]
[BlackElo "2112"]
[PlyCount "99"]
[EventDate "2021.??.??"]
[SourceVersionDate "2020.03.16"]
[WhiteTeam "SC Bonn Beuel 1"]
[BlackTeam "SF Stadtverwaltung Bonn 1"]

1. d4 Nf6 2. c4 g6 3. Nc3 Bg7 4. e4 d6 5. f3 O-O 6. Be3 e5 7. d5 Ne8 8. Qd2 f5
9. exf5 gxf5 10. Bd3 Na6 11. O-O-O Nc5 12. Bc2 a5 13. Nge2 a4 14. h3 e4 15. f4
Bd7 16. Bd4 Bxd4 17. Nxd4 Qf6 18. Qe3 c6 19. g4 fxg4 20. f5 Bxf5 21. Rdf1 Qe5
22. Nxf5 Rxf5 23. Rxf5 Qxf5 24. hxg4 Qe5 25. Rh5 Qe7 26. Nxe4 Nxe4 27. Bxe4 Nf6
28. Bxh7+ Kf8 29. Qh6+ Qg7 30. Qf4 Ke7 31. Rh6 Nxh7 32. Qe4+ Kf8 33. Rxh7 Qf6
34. Qf5 Qxf5 35. gxf5 Kg8 36. Rxb7 cxd5 37. cxd5 Rc8+ 38. Kd2 Rc5 39. Ke3 Rxd5
40. Kf4 Rd2 41. Ke3 Rh2 42. a3 Kf8 43. Kd3 Rf2 44. Ke4 Ke8 45. Kd5 Rxf5+ 46.
Kxd6 Ra5 47. Rb8+ Kf7 48. Kc6 Ke6 49. Kb6 Rd5 50. Ka6 1-0

[Event "SC Bonn Beuel 1 - SF Stadtverwaltung Bo"]
[Site "NRW-Klasse - Gruppe 4 2021/20"]
[Date "2021.12.05"]
[Round "2.3"]
[White "Suppert, Timur"]
[Black "Decker, Nils"]
[Result "1-0"]
[WhiteElo "2099"]
[BlackElo "2117"]
[PlyCount "75"]
[EventDate "2021.??.??"]
[SourceVersionDate "2020.03.16"]
[WhiteTeam "SF Stadtverwaltung Bonn 1"]
[BlackTeam "SC Bonn Beuel 1"]

1. d4 Nf6 2. Bg5 d5 3. Bxf6 exf6 4. e3 Be6 5. Bd3 Bd6 6. Nd2 Qe7 7. Ne2 O-O 8.
c4 c6 9. Qc2 g6 10. h4 dxc4 11. Nxc4 Bb4+ 12. Kf1 f5 13. Nf4 Bxc4 14. Bxc4 Bd6
15. Nd3 Nd7 16. h5 Nf6 17. hxg6 hxg6 18. a3 Kg7 19. b4 a5 20. Rb1 axb4 21. axb4
Qe4 22. Ne1 Ra3 23. Bd3 Qe6 24. e4 fxe4 25. Qc1 Ng4 26. Qxa3 Qf6 27. Rb2 Qxd4
28. Bb1 Be5 29. Re2 f5 30. b5 Rf7 31. bxc6 bxc6 32. Ba2 Rb7 33. Qa6 Rb8 34.
Qxc6 e3 35. Qe6 Nh2+ 36. Rxh2 Bxh2 37. Qe7+ Kh8 38. Rxe3 1-0

[Event "SC Bonn Beuel 1 - SF Stadtverwaltung Bo"]
[Site "NRW-Klasse - Gruppe 4 2021/20"]
[Date "2021.12.05"]
[Round "2.4"]
[White "Gikas, Andreas Basilius"]
[Black "Wagner, Rainer"]
[Result "1-0"]
[WhiteElo "2143"]
[BlackElo "2053"]
[PlyCount "57"]
[EventDate "2021.??.??"]
[SourceVersionDate "2020.03.16"]
[WhiteTeam "SC Bonn Beuel 1"]
[BlackTeam "SF Stadtverwaltung Bonn 1"]

1. e4 c5 2. Nf3 d6 3. d4 cxd4 4. Nxd4 Nf6 5. Nc3 a6 6. Bg5 e6 7. Qf3 Be7 8.
O-O-O Qc7 9. Qg3 Nc6 10. Nxc6 Qxc6 11. Bxf6 Bxf6 12. Rxd6 Qc5 13. Rd3 O-O 14.
f4 Qa5 15. e5 Be7 16. Qf3 Rb8 17. Qh5 g6 18. Qh6 f5 19. Be2 b5 20. Bf3 b4 21.
Nd5 exd5 22. Bxd5+ Rf7 23. Bxf7+ Kxf7 24. Qxh7+ Kf8 25. Qh8+ Kf7 26. Rh3 Qd8
27. e6+ Kxe6 28. Qe5+ Kf7 29. Rh7+ 1-0

[Event "SC Bonn Beuel 1 - SF Stadtverwaltung Bo"]
[Site "NRW-Klasse - Gruppe 4 2021/20"]
[Date "2021.12.05"]
[Round "2.5"]
[White "Wahl, Felix"]
[Black "Rosskothen, Arnd"]
[Result "1-0"]
[WhiteElo "2017"]
[BlackElo "2060"]
[PlyCount "83"]
[EventDate "2021.??.??"]
[SourceVersionDate "2020.03.16"]
[WhiteTeam "SF Stadtverwaltung Bonn 1"]
[BlackTeam "SC Bonn Beuel 1"]

1. e4 e5 2. Nf3 Nc6 3. Bc4 Nf6 4. d3 h6 5. O-O d6 6. c3 g5 7. b4 Bg7 8. a4 O-O
9. a5 a6 10. Qb3 Ne7 11. Re1 c6 12. Qc2 Ng6 13. Bb3 Ne8 14. Be3 Qf6 15. d4 Nc7
16. dxe5 dxe5 17. Na3 Ne6 18. Nc4 g4 19. Nfd2 Ngf4 20. Nb6 Rb8 21. Bc4 Ng5 22.
Nxc8 Rbxc8 23. Bf1 Rfe8 24. Rad1 Bf8 25. Nc4 Rcd8 26. Bb6 Rxd1 27. Rxd1 Qe6 28.
Ne3 h5 29. Bc4 Qf6 30. Rd7 Nge6 31. Rxb7 Qg5 32. Qd1 Qg6 33. Qd7 Re7 34. Qxc6
Rxb7 35. Qxb7 h4 36. Nf5 Qg5 37. Be3 Qd8 38. Qxa6 Qd1+ 39. Bf1 h3 40. g3 Ng5
41. gxf4 Nf3+ 42. Kh1 1-0

[Event "SC Bonn Beuel 1 - SF Stadtverwaltung Bo"]
[Site "NRW-Klasse - Gruppe 4 2021/20"]
[Date "2021.12.05"]
[Round "2.7"]
[White "Nenner, Thomas"]
[Black "Woeltge, Carsten"]
[Result "1/2-1/2"]
[WhiteElo "1984"]
[BlackElo "1877"]
[Annotator "daniel"]
[PlyCount "81"]
[EventDate "2021.??.??"]
[SourceVersionDate "2020.03.16"]
[WhiteTeam "SF Stadtverwaltung Bonn 1"]
[BlackTeam "SC Bonn Beuel 1"]

1. d4 Nf6 2. c4 c5 3. Nf3 cxd4 4. Nxd4 e5 5. Nc2 d5 6. cxd5 Qxd5 7. Qxd5 Nxd5
8. e4 Nb4 9. Nxb4 Bxb4+ 10. Bd2 Bxd2+ 11. Nxd2 Be6 12. Bc4 Bxc4 13. Nxc4 O-O
14. O-O Nc6 15. Rfd1 Rfd8 16. Rd5 f6 17. Rad1 Rxd5 18. Rxd5 Rd8 $11 19. Rxd8+
Nxd8 20. Kf1 Kf7 21. Ke2 Ke7 22. Ne3 Nc6 23. Nf5+ Kf8 24. a3 g6 25. Nd6 b6 26.
Kd3 Ke7 27. Nb5 Kd7 28. Kc4 a6 29. Nc3 Kd6 30. Nd5 b5+ 31. Kd3 f5 32. Nf6 h6
33. Ne8+ Kd7 34. Nf6+ Ke6 35. Nd5 Kd6 36. Ne3 Ne7 37. Nc2 Nc6 38. g3 Ne7 39. h4
h5 40. Ne3 Kc5 41. b4+ 1/2-1/2

[Event "SC Bonn Beuel 1 - SF Stadtverwaltung Bo"]
[Site "NRW-Klasse - Gruppe 4 2021/20"]
[Date "2021.12.05"]
[Round "2.8"]
[White "Damm, Yannic"]
[Black "Falkenberg, Hendrik"]
[Result "0-1"]
[WhiteElo "1713"]
[BlackElo "1878"]
[PlyCount "94"]
[EventDate "2021.??.??"]
[SourceVersionDate "2020.03.16"]
[WhiteTeam "SC Bonn Beuel 1"]
[BlackTeam "SF Stadtverwaltung Bonn 1"]

1. d4 d5 2. Nf3 Nf6 3. g3 c6 4. Bg2 Bg4 5. h3 Bxf3 6. Bxf3 Nbd7 7. O-O e5 8.
dxe5 Nxe5 9. Bg2 Bc5 10. Bf4 Ng6 11. Bg5 h6 12. Bxf6 Qxf6 13. Nc3 Rd8 14. Na4
Bd6 15. e4 dxe4 16. Qe2 O-O 17. Nc3 Rfe8 18. Nxe4 Qe6 19. Rfe1 Be5 20. c3 Qc8
21. Rad1 Kf8 22. Rxd8 Qxd8 23. Nc5 Re7 24. Rd1 Qc7 25. Qd3 Kg8 26. f4 Bf6 27.
Ne4 Qb6+ 28. Kh2 Qxb2 29. Nxf6+ gxf6 30. Rd2 Qa3 31. Qd4 Kg7 32. h4 Qa5 33. Bf3
Nf8 34. Qd6 Rd7 35. Qxd7 Nxd7 36. Rxd7 Qxa2+ 37. Bg2 b6 38. f5 a5 39. Kh3 Qc4
40. Rc7 c5 41. Rd7 Qa4 42. Rb7 Qc2 43. Rxb6 Qxf5+ 44. Kh2 Qc2 45. Rb7 Qxc3 46.
Bd5 Qd2+ 47. Bg2 c4 0-1

[Event "Bergische SF 1 - Godesberger SK 2"]
[Site "NRW-Klasse - Gruppe 4 2021/20"]
[Date "2021.12.05"]
[Round "2.1"]
[White "Luebsen, Keno"]
[Black "Harringer, Manfred"]
[Result "1-0"]
[WhiteElo "2087"]
[BlackElo "2025"]
[PlyCount "95"]
[EventDate "2021.??.??"]
[SourceVersionDate "2020.03.16"]
[WhiteTeam "Godesberger SK 2"]
[BlackTeam "Bergische SF 1"]

1. d4 Nf6 2. c4 e6 3. g3 d5 4. Nf3 Be7 5. Bg2 O-O 6. O-O dxc4 7. Qc2 a6 8. a4
Bd7 9. Ne5 Nc6 10. Qxc4 Be8 11. Nxc6 Bxc6 12. Bxc6 bxc6 13. Nc3 Nd5 14. Qxc6
Nb4 15. Qe4 c5 16. Rd1 cxd4 17. Rxd4 Qa5 18. Be3 Rad8 19. Rad1 Rxd4 20. Rxd4
Bc5 21. Rd7 Bxe3 22. Qxe3 Rd8 23. Qe5 Qb6 24. a5 Qb8 25. Qf4 Rf8 26. Rxf7 Qxf4
27. Rxf4 Rxf4 28. gxf4 Nc6 29. Ne4 Nxa5 30. Nc5 Kf7 31. Nxa6 Ke7 32. Nb4 Kd6
33. Kg2 Kc5 34. Nd3+ Kd4 35. Kf3 Nb3 36. h4 Nd2+ 37. Kg4 Ne4 38. Kf3 Nd2+ 39.
Kg2 Nb3 40. Kf1 Ke4 41. h5 Kd4 42. Ke1 Ke4 43. Kd1 Kf5 44. f3 g5 45. hxg6 Kxg6
46. Ke1 Kf6 47. Kf2 Ke7 48. Kg3 1-0

[Event "Bergische SF 1 - Godesberger SK 2"]
[Site "NRW-Klasse - Gruppe 4 2021/20"]
[Date "2021.12.05"]
[Round "2.2"]
[White "Heckoetter, Christian"]
[Black "Mittmann, Johannes"]
[Result "0-1"]
[WhiteElo "1970"]
[BlackElo "2105"]
[PlyCount "86"]
[EventDate "2021.??.??"]
[SourceVersionDate "2020.03.16"]
[WhiteTeam "Bergische SF 1"]
[BlackTeam "Godesberger SK 2"]

1. d4 d5 2. Nf3 Nf6 3. e3 c5 4. dxc5 Nc6 5. c3 a5 6. Bb5 Bd7 7. O-O e6 8. Nbd2
Bxc5 9. Qe2 O-O 10. e4 Qb6 11. Bd3 a4 12. e5 Ne4 13. Nxe4 dxe4 14. Qxe4 g6 15.
Rb1 Ne7 16. Bg5 Bc6 17. Qe2 Rfd8 18. b4 axb3 19. axb3 Qc7 20. b4 Bb6 21. c4
Bxf3 22. gxf3 Ra3 23. Be4 Rd4 24. c5 Qxe5 25. Bxe7 Bc7 26. Bd6 Rxd6 27. cxd6
Bxd6 28. f4 Qxf4 29. f3 Be5 30. Rfd1 b6 31. Rd3 Ra7 32. Qd2 Qh4 33. Rf1 Bf4 34.
Qc2 Rc7 35. Qf2 Qh6 36. Rd8+ Kg7 37. Qb2+ e5 38. Rfd1 Rc4 39. R8d7 Qh3 40. b5
Kh6 41. Rxf7 Rxe4 42. Rf1 Be3+ 43. Kh1 Qxf1# 0-1

[Event "Bergische SF 1 - Godesberger SK 2"]
[Site "NRW-Klasse - Gruppe 4 2021/20"]
[Date "2021.12.05"]
[Round "2.3"]
[White "Koegler, Christof"]
[Black "Weiser, Hans-Josef"]
[Result "1-0"]
[WhiteElo "2031"]
[BlackElo "1986"]
[PlyCount "63"]
[EventDate "2021.??.??"]
[SourceVersionDate "2020.03.16"]
[WhiteTeam "Godesberger SK 2"]
[BlackTeam "Bergische SF 1"]

1. d4 Nf6 2. Nf3 d5 3. e3 c6 4. Nbd2 Bf5 5. Bd3 Bxd3 6. cxd3 e6 7. O-O c5 8. b3
Nc6 9. Bb2 Be7 10. dxc5 Bxc5 11. Rc1 Be7 12. a3 a5 13. Rc2 O-O 14. Qa1 Qd7 15.
Rfc1 Rfc8 16. h3 Ne8 17. e4 dxe4 18. dxe4 Bf6 19. Nc4 Qc7 20. Nce5 Bxe5 21.
Nxe5 Qb6 22. Rc3 Ne7 23. Rf3 Rxc1+ 24. Qxc1 Rc8 25. Qf4 f6 26. Ng4 Ng6 27. Qd2
Rd8 28. Rd3 Rxd3 29. Qxd3 Ne7 30. Ne3 Kf7 31. Nc4 Qb5 32. Ne5+ 1-0

[Event "Bergische SF 1 - Godesberger SK 2"]
[Site "NRW-Klasse - Gruppe 4 2021/20"]
[Date "2021.12.05"]
[Round "2.4"]
[White "Gelsok, Philipp"]
[Black "Mueller-Boge, Michael"]
[Result "1-0"]
[WhiteElo "1967"]
[BlackElo "1984"]
[PlyCount "79"]
[EventDate "2021.??.??"]
[SourceVersionDate "2020.03.16"]
[WhiteTeam "Bergische SF 1"]
[BlackTeam "Godesberger SK 2"]

1. e4 c5 2. Nf3 d6 3. d4 cxd4 4. Nxd4 Nf6 5. Nc3 a6 6. h3 e6 7. g4 d5 8. Bg2
Nxe4 9. Nxe4 dxe4 10. Bxe4 Qa5+ 11. c3 Be7 12. Be3 Nd7 13. Qc2 Nf6 14. Bf3 Nd5
15. Bd2 Bd7 16. Nb3 Qa4 17. Qe4 Qxe4+ 18. Bxe4 Rc8 19. Bxd5 exd5 20. O-O-O O-O
21. Be3 f5 22. Rhg1 f4 23. Bd4 Bc6 24. Rge1 Rce8 25. Nc5 Bxc5 26. Bxc5 Rf6 27.
Rxe8+ Bxe8 28. Rxd5 f3 29. h4 Re6 30. Rf5 Re1+ 31. Kd2 Re2+ 32. Kd1 g6 33. Rxf3
Bb5 34. a4 Bc4 35. Rf8+ Kg7 36. Rf4 Bd3 37. Rd4 Re5 38. Rxd3 Rxc5 39. Rd7+ Kf6
40. Rxb7 1-0

[Event "Bergische SF 1 - Godesberger SK 2"]
[Site "NRW-Klasse - Gruppe 4 2021/20"]
[Date "2021.12.05"]
[Round "2.5"]
[White "Schaefer, Timo"]
[Black "Eilers, Jochen"]
[Result "1-0"]
[WhiteElo "1933"]
[BlackElo "1956"]
[PlyCount "87"]
[EventDate "2021.??.??"]
[SourceVersionDate "2020.03.16"]
[WhiteTeam "Godesberger SK 2"]
[BlackTeam "Bergische SF 1"]

1. d4 Nf6 2. Nf3 g6 3. g3 Bg7 4. Bg2 O-O 5. b3 c5 6. Bb2 cxd4 7. Nxd4 Nc6 8. c4
Nxd4 9. Bxd4 d6 10. O-O a6 11. Nc3 e5 12. Be3 Qc7 13. Nd5 Nxd5 14. Qxd5 Rb8 15.
Rfd1 Be6 16. Qxd6 Qa5 17. Bd2 Qd8 18. Qxd8 Rfxd8 19. Ba5 Rxd1+ 20. Rxd1 b6 21.
Bc3 f6 22. Rd6 Kf7 23. Bd5 Bxd5 24. cxd5 Rb7 25. Rc6 Bf8 26. f4 Rd7 27. e4 Bd6
28. fxe5 fxe5 29. Kg2 Rc7 30. Rxb6 Rxc3 31. Rxd6 Rc2+ 32. Kh3 Rxa2 33. Re6 Rb2
34. Rxa6 Rxb3 35. Re6 Rd3 36. Rxe5 h6 37. Kg4 Rd2 38. h4 Rh2 39. d6 h5+ 40. Kg5
Rd2 41. Re7+ Kf8 42. e5 Rd3 43. Kxg6 Rxg3+ 44. Kxh5 1-0

[Event "Bergische SF 1 - Godesberger SK 2"]
[Site "NRW-Klasse - Gruppe 4 2021/20"]
[Date "2021.12.05"]
[Round "2.6"]
[White "Thelen, Harm-Wulf"]
[Black "Selalmazidis, Arsenis"]
[Result "0-1"]
[WhiteElo "1921"]
[BlackElo "1898"]
[PlyCount "76"]
[EventDate "2021.??.??"]
[SourceVersionDate "2020.03.16"]
[WhiteTeam "Bergische SF 1"]
[BlackTeam "Godesberger SK 2"]

1. c4 e5 2. Nc3 c5 3. g3 g6 4. Bg2 Bg7 5. d3 Ne7 6. Ne4 d6 7. Bg5 f5 8. Qa4+
Kf7 9. Nc3 Nbc6 10. Bd5+ Be6 11. e4 Bf6 12. Bxe6+ Kxe6 13. Be3 Rf8 14. Bh6 Rf7
15. Nd5 fxe4 16. dxe4 Nd4 17. Qd1 Nxd5 18. exd5+ Ke7 19. Nf3 Ke8 20. O-O Nxf3+
21. Qxf3 Qa5 22. Qg4 Qc7 23. Rab1 Qc8 24. Qe2 g5 25. f4 gxf4 26. Rxf4 Qh3 27.
Qg4 Qxh6 28. Qe6+ Kf8 29. Qxd6+ Kg7 30. Rg4+ Kh8 31. Rf1 b6 32. Qe6 Raf8 33.
Kg2 Qh5 34. Re4 Qg6 35. Rg4 Qh5 36. Re4 Bg7 37. Rxf7 Qxf7 38. Qg4 Qf1# 0-1

[Event "Bergische SF 1 - Godesberger SK 2"]
[Site "NRW-Klasse - Gruppe 4 2021/20"]
[Date "2021.12.05"]
[Round "2.7"]
[White "Wulfken, Christof"]
[Black "Gutt, Oswald"]
[Result "1-0"]
[WhiteElo "1868"]
[BlackElo "1851"]
[PlyCount "61"]
[EventDate "2021.??.??"]
[SourceVersionDate "2020.03.16"]
[WhiteTeam "Godesberger SK 2"]
[BlackTeam "Bergische SF 1"]

1. d4 Nf6 2. Nf3 e6 3. Bf4 c5 4. e3 Nc6 5. c3 d5 6. Nbd2 Be7 7. Rc1 O-O 8. Bd3
Qb6 9. b3 cxd4 10. exd4 Bd7 11. Ne5 Rfc8 12. Ndf3 Be8 13. Nxc6 Bxc6 14. Ne5 Bb5
15. c4 Bb4+ 16. Kf1 Ba6 17. f3 dxc4 18. bxc4 Qd8 19. g4 g6 20. Be2 Be7 21. h4
h5 22. Qd3 Nd5 23. Nxg6 Nxf4 24. Nxf4 hxg4 25. Rg1 Bf6 26. Rxg4+ Kf8 27. Qh7
Ke7 28. Ng6+ Kd6 29. Qxf7 Rc7 30. c5+ Kd5 31. Nf4+ 1-0

[Event "Bergische SF 1 - Godesberger SK 2"]
[Site "NRW-Klasse - Gruppe 4 2021/20"]
[Date "2021.12.05"]
[Round "2.8"]
[White "Gutt, Stefan"]
[Black "Trunz, Michelle"]
[Result "1/2-1/2"]
[WhiteElo "1817"]
[BlackElo "1812"]
[Annotator "daniel"]
[PlyCount "92"]
[EventDate "2021.??.??"]
[SourceVersionDate "2020.03.16"]
[WhiteTeam "Bergische SF 1"]
[BlackTeam "Godesberger SK 2"]

1. d4 f5 2. e4 d6 3. Nc3 Nf6 4. Bd3 e6 5. Nf3 Be7 6. O-O O-O 7. Re1 b6 8. exf5
exf5 9. d5 c5 10. dxc6 Nxc6 11. Bc4+ Kh8 12. Ng5 Ne5 13. Rxe5 dxe5 14. Qxd8
Bxd8 15. Nf7+ Rxf7 16. Bxf7 Be7 17. Nd5 Nxd5 18. Bxd5 Rb8 19. b3 Bb7 20. Bxb7
Rxb7 21. Bb2 Bf6 22. Rd1 $11 Kg8 23. Rd5 Kf7 24. c4 Ke6 25. Kf1 Rd7 26. Rxd7
Kxd7 27. Ke2 Ke6 28. Ba3 e4 29. f3 Bd4 30. Bc1 h6 31. Bd2 Ke5 32. Bc1 g5 33.
Bd2 f4 34. fxe4 Kxe4 35. Bb4 g4 36. Bf8 h5 37. Bd6 f3+ 38. gxf3+ gxf3+ 39. Kf1
f2 40. Bg3 Kf3 41. Bb8 a6 42. Bc7 h4 43. Bd8 h3 44. Bc7 a5 45. Bg3 Be3 46. Bc7
Bd4 1/2-1/2

[Event "SG Solingen 4 - SV Weidenau/Geisweid 1"]
[Site "NRW-Klasse - Gruppe 4 2021/20"]
[Date "2021.12.05"]
[Round "2.1"]
[White "Send, Sebastian"]
[Black "Bashylina, Luisa"]
[Result "0-1"]
[WhiteElo "2173"]
[BlackElo "1976"]
[PlyCount "104"]
[EventDate "2021.??.??"]
[SourceVersionDate "2020.03.16"]
[WhiteTeam "SV Weidenau/Geisweid 1"]
[BlackTeam "SG Solingen 4"]

1. Nf3 Nf6 2. g3 g6 3. Bg2 Bg7 4. O-O d5 5. d3 O-O 6. Nbd2 c5 7. e4 Nc6 8. Re1
e5 9. exd5 Nxd5 10. Nc4 Re8 11. Ng5 f6 12. Ne4 Bf8 13. h4 Be6 14. h5 g5 15. Ne3
Be7 16. Nxd5 Bxd5 17. c4 Be6 18. Be3 Nd4 19. Nc3 Qd7 20. Bxd4 cxd4 21. Nd5 Rab8
22. b4 Kg7 23. b5 Bxd5 24. Bxd5 Bb4 25. Rf1 f5 26. f3 h6 27. Qe2 Bd6 28. Kg2
Qe7 29. a4 Rf8 30. a5 Rbe8 31. a6 b6 32. Bc6 Rd8 33. Rae1 Qc7 34. Qf2 Bb4 35.
Rb1 Bc5 36. Qe2 Bd6 37. Qf2 Bc5 38. Rfe1 Bd6 39. Qe2 e4 40. dxe4 Bxg3 41. Red1
g4 42. Rd3 Bh4 43. e5 gxf3+ 44. Kxf3 Qf7 45. Kg2 Kh7 46. Kh1 Qxc4 47. Rbd1 Rg8
48. e6 Qc5 49. Bd7 Rg4 50. Qf3 Be7 51. R1d2 Rdg8 52. Rf2 Qe5 0-1

[Event "SG Solingen 4 - SV Weidenau/Geisweid 1"]
[Site "NRW-Klasse - Gruppe 4 2021/20"]
[Date "2021.12.05"]
[Round "2.2"]
[White "Blasek, Ralph"]
[Black "Meinhardt, Michael"]
[Result "1-0"]
[WhiteElo "2088"]
[BlackElo "2035"]
[PlyCount "85"]
[EventDate "2021.??.??"]
[SourceVersionDate "2020.03.16"]
[WhiteTeam "SG Solingen 4"]
[BlackTeam "SV Weidenau/Geisweid 1"]

1. e4 c6 2. d4 d5 3. e5 Bf5 4. Ne2 e6 5. Ng3 Bg6 6. c4 Ne7 7. Nc3 Nf5 8. cxd5
cxd5 9. Bd3 Nxg3 10. hxg3 Bxd3 11. Qxd3 h6 12. g4 Nc6 13. Be3 Qb6 14. a3 O-O-O
15. b4 Kb8 16. Na4 Qa6 17. Qxa6 bxa6 18. Ke2 Be7 19. f4 Ka8 20. Rac1 Rc8 21.
Kd3 Nb8 22. f5 Nd7 23. g5 hxg5 24. Rxh8 Rxh8 25. fxe6 fxe6 26. Rc6 Nf8 27. Rc7
Ng6 28. Nc5 Bxc5 29. bxc5 Kb8 30. Rxg7 Nf4+ 31. Bxf4 gxf4 32. Ke2 Rh1 33. Rf7
Rg1 34. Kf2 Ra1 35. Rxf4 Rxa3 36. g4 Rb3 37. g5 Kc7 38. Rf7+ Kc6 39. Rxa7 Rb8
40. Rxa6+ Kd7 41. Ra7+ Kc6 42. g6 Rg8 43. g7 1-0

[Event "SG Solingen 4 - SV Weidenau/Geisweid 1"]
[Site "NRW-Klasse - Gruppe 4 2021/20"]
[Date "2021.12.05"]
[Round "2.3"]
[White "Boyko, Oleksiy"]
[Black "Fichtner, Ewald"]
[Result "0-1"]
[WhiteElo "1915"]
[BlackElo "2048"]
[PlyCount "86"]
[EventDate "2021.??.??"]
[SourceVersionDate "2020.03.16"]
[WhiteTeam "SV Weidenau/Geisweid 1"]
[BlackTeam "SG Solingen 4"]

1. d4 d5 2. c4 c6 3. Nf3 Nf6 4. Qc2 dxc4 5. Qxc4 Bf5 6. g3 e6 7. Bg2 Be7 8. O-O
Nbd7 9. Nbd2 Nb6 10. Qb3 O-O 11. Nc4 Be4 12. Nce5 Nfd5 13. Bd2 a5 14. a3 a4 15.
Qa2 Nc7 16. Rac1 f6 17. Nd3 Bxd3 18. exd3 Qd5 19. Qb1 Rfd8 20. Rfe1 Qh5 21. Qc2
Bd6 22. Re4 Nbd5 23. Rce1 f5 24. R4e2 Rf8 25. Ng5 Rf6 26. f4 Qg6 27. Nf3 Nb5
28. Qc4 Qe8 29. Ng5 Nbc7 30. Nf3 h6 31. Ne5 Bxe5 32. dxe5 Rf7 33. Rc1 Rd7 34.
Be1 Qd8 35. Bf2 Ra6 36. Rd2 Nb6 37. Bxb6 Rxb6 38. Qxa4 Rxd3 39. Rxd3 Qxd3 40.
Qc2 Qd4+ 41. Qf2 Qxf2+ 42. Kxf2 Rxb2+ 43. Kf3 Rb3+ 0-1

[Event "SG Solingen 4 - SV Weidenau/Geisweid 1"]
[Site "NRW-Klasse - Gruppe 4 2021/20"]
[Date "2021.12.05"]
[Round "2.4"]
[White "Rittmann, Dirk"]
[Black "Peutz, Arne"]
[Result "1/2-1/2"]
[WhiteElo "2016"]
[BlackElo "1849"]
[PlyCount "37"]
[EventDate "2021.??.??"]
[SourceVersionDate "2020.03.16"]
[WhiteTeam "SG Solingen 4"]
[BlackTeam "SV Weidenau/Geisweid 1"]

1. e4 c5 2. Nf3 d6 3. d4 cxd4 4. Nxd4 Nf6 5. Nc3 a6 6. Bg5 e6 7. f4 Be7 8. Qf3
Qc7 9. O-O-O Nbd7 10. Bd3 h6 11. Bh4 g5 12. fxg5 Ne5 13. Qe2 Nfg4 14. Kb1 hxg5
15. Bg3 Bd7 16. h3 Nf6 17. Nf3 Nxf3 18. Qxf3 Bc6 19. Rhf1 1/2-1/2

[Event "SG Solingen 4 - SV Weidenau/Geisweid 1"]
[Site "NRW-Klasse - Gruppe 4 2021/20"]
[Date "2021.12.05"]
[Round "2.5"]
[White "Piskorz, Andreas"]
[Black "Muedder, Melanie"]
[Result "0-1"]
[WhiteElo "1870"]
[BlackElo "1827"]
[PlyCount "70"]
[EventDate "2021.??.??"]
[SourceVersionDate "2020.03.16"]
[WhiteTeam "SV Weidenau/Geisweid 1"]
[BlackTeam "SG Solingen 4"]

1. Nf3 Nf6 2. e3 g6 3. b3 Bg7 4. Bb2 O-O 5. Be2 d6 6. d4 Nbd7 7. O-O e5 8. c4
exd4 9. exd4 d5 10. Nc3 Re8 11. Qc2 Nf8 12. cxd5 Bf5 13. Bd3 Bxd3 14. Qxd3 Nxd5
15. Rac1 Ne6 16. Qc4 Nef4 17. Nxd5 Qxd5 18. Qxd5 Nxd5 19. Rfe1 c6 20. a3 Nf4
21. Rxe8+ Rxe8 22. Rd1 c5 23. Kf1 Rd8 24. Bc1 Ne6 25. d5 Nd4 26. Nxd4 cxd4 27.
Ke2 Rxd5 28. Kd3 Kf8 29. Bb2 Ke7 30. Rc1 Rd7 31. a4 a6 32. Rc4 Ke6 33. Bxd4 b5
34. axb5 axb5 35. Rb4 Rd5 0-1

[Event "SG Solingen 4 - SV Weidenau/Geisweid 1"]
[Site "NRW-Klasse - Gruppe 4 2021/20"]
[Date "2021.12.05"]
[Round "2.6"]
[White "Goerke, Joachim"]
[Black "Boushmelev, Daniel"]
[Result "1-0"]
[WhiteElo "2033"]
[BlackElo "1722"]
[Annotator "daniel"]
[PlyCount "87"]
[EventDate "2021.??.??"]
[SourceVersionDate "2020.03.16"]
[WhiteTeam "SG Solingen 4"]
[BlackTeam "SV Weidenau/Geisweid 1"]

1. d4 Nf6 2. Nf3 c5 3. e3 d5 4. c4 e6 5. Nc3 Nc6 6. a3 Be7 7. dxc5 Bxc5 8. b4
Be7 9. Bb2 O-O 10. Bd3 dxc4 11. Bxc4 b6 12. O-O Qxd1 13. Rfxd1 Bb7 14. e4 Rfd8
15. e5 Ng4 16. Ne2 Rac8 $11 17. Bb3 Ba6 18. Nf4 Rxd1+ 19. Rxd1 Rd8 20. Rc1 Bb7
21. Nxe6 Rc8 22. Nf4 Nh6 23. h3 Nd8 24. Rxc8 Bxc8 25. Nd5 Bf8 26. g4 Bb7 27.
Nd4 Kh8 28. Nb5 Nc6 29. Nd6 Nd8 30. Nxb7 Nxb7 31. f4 Ng8 32. Kg2 Nd8 33. f5 Ne7
34. Nxe7 Bxe7 35. Bd5 Kg8 36. Kf3 Kf8 37. Ke4 Ke8 38. Bc3 g6 39. Be1 Bg5 40. h4
Bc1 41. a4 a6 42. Bc4 gxf5+ 43. gxf5 Nc6 44. Bxa6 1-0

[Event "SG Solingen 4 - SV Weidenau/Geisweid 1"]
[Site "NRW-Klasse - Gruppe 4 2021/20"]
[Date "2021.12.05"]
[Round "2.7"]
[White "Schneider, Manfred"]
[Black "Sereda, Yaroslava"]
[Result "1/2-1/2"]
[WhiteElo "1947"]
[BlackElo "1792"]
[PlyCount "95"]
[EventDate "2021.??.??"]
[SourceVersionDate "2020.03.16"]
[WhiteTeam "SV Weidenau/Geisweid 1"]
[BlackTeam "SG Solingen 4"]

1. e4 c5 2. Nc3 Nc6 3. Bb5 Nd4 4. Nf3 g6 5. O-O Bg7 6. Re1 Nxb5 7. Nxb5 d5 8.
exd5 a6 9. Nc3 Nf6 10. Qe2 b6 11. d3 Bb7 12. Bg5 h6 13. Bxf6 Bxf6 14. Ne4 Bxb2
15. Rab1 Bg7 16. Nxc5 Bxd5 17. Nb3 e6 18. c4 Bb7 19. Ne5 O-O 20. d4 Rc8 21.
Rbc1 a5 22. Qe3 Ba6 23. Nd2 Qd6 24. Ndf3 Bb7 25. c5 bxc5 26. dxc5 Qd5 27. a3
Rfd8 28. h3 Bxe5 29. Qxe5 Qxe5 30. Nxe5 Bc6 31. Nc4 a4 32. Nb6 Rb8 33. Red1 Kg7
34. g3 h5 35. h4 Kf6 36. Kf1 Bb5+ 37. Ke1 Bc6 38. Rd2 Rxd2 39. Kxd2 Rd8+ 40.
Ke3 Ke5 41. Nc4+ Kf6 42. Nb6 e5 43. Rc2 e4 44. Rc3 Ke6 45. Nc4 Rd3+ 46. Rxd3
exd3 47. Nd6 f5 48. Kxd3 1/2-1/2

[Event "SG Solingen 4 - SV Weidenau/Geisweid 1"]
[Site "NRW-Klasse - Gruppe 4 2021/20"]
[Date "2021.12.05"]
[Round "2.8"]
[White "Muedder, Rafael"]
[Black "Alhaeuser, Tim"]
[Result "1-0"]
[WhiteElo "2015"]
[BlackElo "1752"]
[PlyCount "93"]
[EventDate "2021.??.??"]
[SourceVersionDate "2020.03.16"]
[WhiteTeam "SG Solingen 4"]
[BlackTeam "SV Weidenau/Geisweid 1"]

1. e4 c6 2. c4 d5 3. cxd5 cxd5 4. exd5 Nf6 5. Nc3 Nxd5 6. Bc4 Nb6 7. Bb3 Nc6 8.
Nf3 Bf5 9. d4 e6 10. O-O Be7 11. d5 exd5 12. Nxd5 Nxd5 13. Qxd5 Qxd5 14. Bxd5
Nb4 15. Bxb7 Rb8 16. Nd4 Bd3 17. Bc6+ Nxc6 18. Nxc6 Rb6 19. Nxe7 Bxf1 20. Nd5
Rd6 21. Nc7+ Kd7 22. Kxf1 Rd1+ 23. Ke2 Rg1 24. Nd5 Re8+ 25. Ne3 Rxg2 26. Bd2 f5
27. Kf3 Rxh2 28. Rg1 g6 29. Bc3 Rh3+ 30. Kg2 Rh4 31. Rd1+ Ke6 32. Nd5 Kf7 33.
Nf6 Rc8 34. Rd7+ Ke6 35. Rxa7 f4 36. Nxh7 Rc5 37. Nf8+ Kf5 38. Rf7+ Ke4 39. f3+
Kd3 40. Ne6 Rc6 41. Rd7+ Kc4 42. Rd4+ Kb5 43. Rxf4 Rxf4 44. Nxf4 Kc4 45. Kg3
Rc5 46. Kg4 g5 47. Ne6 1-0